000 00259nam a22001217a 4500
008 170629b xxu||||| |||| 00| 0 eng d
041 _aeng
080 _a82
100 _a22
101 _aGJL
245 _aLOUISIANA LITERATURE
_cBEDELL,J,B
942 _2udc
_cBK
999 _c19614
_d19614